Statistiken für Super Mario Bros alle Gegner

Klicken Sie hier um das Quiz zu spielen!

Allgemein

  • Dieses Quiz wurde 897 mal gespielt
  • Das Durchschnittsergebnis liegt bei 5 aus 13

Antwortstatistiken

Gegner% Korrekt
Gumba
95%
Koopa
95%
Hammer-Bruder
52%
Piranha-Pflanze
51%
Lakitu
46%
Parakoopa
40%
Cheep-Cheep
37%
Stachi
34%
Blooper
29%
Kugelwilli
28%
Bummel-Käfer
21%
Feuerstab
6%
Lava Blub
5%

Verteilung der Resultate

Perzentil nach korrekt beantworteten Fragen

Anzahl Personen mit jedem Resultat

Ihre Resultats-Entwicklung

Sie haben dieses Quiz noch nicht gespielt